000 01205cam a22003257a 4500
003 CHAP
005 20220817044259.0
008 090707s2008 it rn 00010 eng d
010 _a96484
011 _a97456
020 _a9789251059951
035 _a108124
040 _cCHAP
082 0 0 _a639.2
_bF41 v.4 suppl.2 add.1
110 2 _aFAO
245 1 0 _aFisheries management :
_b2.The ecosystem approach to fisheries. 2.1 Best practices in ecosystem modelling for informing an ecosystem approach to fisheries
_c/by FAO
260 _aRome :
_bFAO,
_c2008
300 _axi, 78 p.
490 0 _aFAO. Orientaciones técnicas para la pesca responsable
_v; 4 Suppl.2 Add.1
590 _aBATCH-UPD
_b10
_c20130110
_lUCH01
_h1712
590 _aBATCH-UPD
_b10
_c20130410
_lUCH01
_h1058
590 _aBATCH-UPD
_b10
_c20130914
_lUCH01
_h1258
590 _aCONVERSION
_b10
_c20130109
_lUCH01
_h1353
650 1 4 _aEcosistema.
_935290
650 1 4 _aPesca
_xAdministración.
_987353
830 0 _aFAO. Orientaciones técnicas para la pesca responsable
_v; 4 Suppl.2 Add.1
_939642
901 _aBK
942 _cLIBRO
949 _a639.2 F41 v.4 suppl.2 add.1
_bBC
_cFAO
_d33724002099124
_eFAO1
_gDonaciØn
_h110763
_i108124
_sb
999 _c96484
_d96484